| 000 -LEADER |
| fixed length control field |
00881cam a2200253 i 4500 |
| 005 - DATE AND TIME OF LATEST TRANSACTION |
| control field |
20200309130600.0 |
| 008 - FIXED-LENGTH DATA ELEMENTS--GENERAL INFORMATION |
| fixed length control field |
171121t20172017sz a 000 0 eng |
| 010 ## - LIBRARY OF CONGRESS CONTROL NUMBER |
| LC control number |
2017449477 |
| 020 ## - INTERNATIONAL STANDARD BOOK NUMBER |
| International Standard Book Number |
9783035614855 (paperback) |
| 040 ## - CATALOGING SOURCE |
| Original cataloging agency |
DLC |
| Language of cataloging |
eng |
| Description conventions |
rda |
| Transcribing agency |
DLC |
| 042 ## - AUTHENTICATION CODE |
| Authentication code |
pcc |
| 043 ## - GEOGRAPHIC AREA CODE |
| Geographic area code |
n-us-ca |
| 050 00 - LIBRARY OF CONGRESS CALL NUMBER |
| Classification number |
NA737.J66 |
| Item number |
H68 2017 |
| 082 ## - DEWEY DECIMAL CLASSIFICATION NUMBER |
| Classification number |
720.922 |
| Item number |
MAR |
| 245 00 - TITLE STATEMENT |
| Title |
House is a house is a house is a house is a house : |
| Remainder of title |
architectures and collaborations of Johnston Marklee / |
| Statement of responsibility, etc |
Reto Geiser, editor. |
| 250 ## - EDITION STATEMENT |
| Edition statement |
2. edition. |
| 300 ## - PHYSICAL DESCRIPTION |
| Extent |
271 pages : |
| Other physical details |
illustrations (some color) ; |
| Dimensions |
24 cm |
| 610 20 - SUBJECT ADDED ENTRY--CORPORATE NAME |
| Corporate name or jurisdiction name as entry element |
Johnston Marklee (Firm) |
| 650 #0 - SUBJECT ADDED ENTRY--TOPICAL TERM |
| Topical term or geographic name as entry element |
Architecture |
| Geographic subdivision |
California |
| -- |
Los Angeles |
| General subdivision |
History |
| Chronological subdivision |
21st century. |
| 700 1# - ADDED ENTRY--PERSONAL NAME |
| Personal name |
Geiser, Reto, |
| Relator term |
editor. |
| 906 ## - LOCAL DATA ELEMENT F, LDF (RLIN) |
| a |
7 |
| b |
cbc |
| c |
orignew |
| d |
2 |
| e |
ncip |
| f |
20 |
| g |
y-gencatlg |
| 942 ## - ADDED ENTRY ELEMENTS (KOHA) |
| Source of classification or shelving scheme |
|
| 955 ## - COPY-LEVEL INFORMATION (RLIN) |
| Book number/undivided call number, CCAL (RLIN) |
rk20 2017-11-21 |
| Copy status, CST (RLIN) |
cf25 2019-03-21 to Dewey |